Romi yang malang
| Main Author: | |
|---|---|
| Format: | Book |
| Published: |
Johor :
Phd (m) sdn.bhd. ,
2007
|
| Series: | Siri pengembaraan juli
|
| Subjects: |
MARC
| LEADER | 00000cam a2200000 7i4500 | ||
|---|---|---|---|
| 001 | 0000083058 | ||
| 005 | 20190313.0 | ||
| 008 | 190313 | ||
| 020 | |a 9833424969 | ||
| 090 | 0 | 0 | |a JF |b MAL |
| 100 | 1 | |a Suraya Hussin | |
| 245 | 1 | 0 | |a Romi yang malang |c Suraya Hussin |
| 260 | |a Johor : |b Phd (m) sdn.bhd. , |c 2007 | ||
| 490 | 1 | |a Siri pengembaraan juli | |
| 650 | 0 | |a Malay language--readers | |
| 999 | |a 0001034493 |b Book |c Children Collection |e Cawangan Pontian | ||